Design of concrete structures (Record no. 3628)

000 -LEADER
fixed length control field 00663nam a2200229 a 4500
001 - CONTROL NUMBER
control field 3628
003 - CONTROL NUMBER IDENTIFIER
control field BD-DhUET
008 - FIXED-LENGTH DATA ELEMENTS--GENERAL INFORMATION
fixed length control field 850621s1985 enka b 101 0 eng
020 ## - INTERNATIONAL STANDARD BOOK NUMBER
International Standard Book Number 007Y665486
040 ## - CATALOGING SOURCE
Original cataloging agency DLC
Transcribing agency DLC
Modifying agency BD-DhUET
082 00 - DEWEY DECIMAL CLASSIFICATION NUMBER
Classification number 624.183
Item number NIL/1986
100 ## - MAIN ENTRY--PERSONAL NAME
Personal name Nilson, Arthur H.
245 00 - TITLE STATEMENT
Title Design of concrete structures
Statement of responsibility, etc. by Arthur H. Nilson and George Winter
250 ## - EDITION STATEMENT
Edition statement 10th ed.
260 ## - PUBLICATION, DISTRIBUTION, ETC. (IMPRINT)
Place of publication, distribution, etc. New York:
Name of publisher, distributor, etc. McGraw Hill Book Company,
Date of publication, distribution, etc. 1986.
300 ## - PHYSICAL DESCRIPTION
Extent xi, 380 p. :
Other physical details ill. ;
Dimensions 23 cm.
490 ## - SERIES STATEMENT
Series statement Civil engineering series
504 ## - BIBLIOGRAPHY, ETC. NOTE
Bibliography, etc Includes bibliographies
650 #0 - SUBJECT ADDED ENTRY--TOPICAL TERM
Topical term or geographic name as entry element Reinforced concrete
700 ## - ADDED ENTRY--PERSONAL NAME
Personal name Winter, George
942 ## - ADDED ENTRY ELEMENTS (KOHA)
Koha item type General Book
Holdings
Sublocation or collection (holding branch) Koha date last seen Koha full call number Koha out on loan Copy number Piece designation (barcode) Lost status Date acquired Damaged status Location (home branch) Koha date last borrowed Koha item type Source of classification or shelving scheme Koha issues (times borrowed) Price effective from Not for loan Shelving location Koha normalized classification for sorting Withdrawn status Koha renewals
Central Library, BUET2026-02-23624.183/NIL/19862027-02-23177873 2014-11-02 Central Library, BUET2026-02-23General Book 62014-11-02 Circulation section624_000000000000000_183NIL1986 1
Central Library, BUET2024-12-04624.183 NIL/1986 ১০/ক-১77816 1990-10-23 Central Library, BUET Rental Item  2024-12-04 Rental section624_183000000000000_NIL_1986  
Central Library, BUET2024-12-04624.183 NIL/1986 ১০/ক-২77817 1990-10-23 Central Library, BUET Rental Item  2024-12-04 Rental section624_183000000000000_NIL_1986  
Central Library, BUET2024-12-04624.183 NIL/1986 ১০/ক-৩77818 1990-10-23 Central Library, BUET Rental Item  2024-12-04 Rental section624_183000000000000_NIL_1986  
Central Library, BUET2024-12-04624.183 NIL/1986 ১০/ক-৪77819 1990-10-23 Central Library, BUET Rental Item  2024-12-04 Rental section624_183000000000000_NIL_1986  
Central Library, BUET2024-12-04624.183 NIL/1986 ১০/ক-৫77820 1990-10-23 Central Library, BUET Rental Item  2024-12-04 Rental section624_183000000000000_NIL_1986  
Central Library, BUET2024-12-04624.183 NIL/1986 ১০/ক-৬77821 1990-10-23 Central Library, BUET Rental Item  2024-12-04 Rental section624_183000000000000_NIL_1986  
Central Library, BUET2024-12-04624.183 NIL/1986 ১০/ক-৭77822 1990-10-23 Central Library, BUET Rental Item  2024-12-04 Rental section624_183000000000000_NIL_1986  
Central Library, BUET2024-12-04624.183 NIL/1986 ১০/ক-৮77823 1990-10-23 Central Library, BUET Rental Item  2024-12-04 Rental section624_183000000000000_NIL_1986  
Central Library, BUET2024-12-04624.183 NIL/1986 ১০/ক-৯77824 1990-10-23 Central Library, BUET Rental Item  2024-12-04 Rental section624_183000000000000_NIL_1986  
Central Library, BUET2024-12-04624.183 NIL/1986 ১০/ক-১০77825 1990-10-23 Central Library, BUET Rental Item  2024-12-04 Rental section624_183000000000000_NIL_1986  
Central Library, BUET2024-12-04624.183 NIL/1986 ১০/ক-১১77826 1990-10-23 Central Library, BUET Rental Item  2024-12-04 Rental section624_183000000000000_NIL_1986  
Central Library, BUET2024-12-04624.183 NIL/1986 ১০/ক-১২77827 1990-10-23 Central Library, BUET Rental Item  2024-12-04 Rental section624_183000000000000_NIL_1986  
Central Library, BUET2024-12-04624.183 NIL/1986 ১০/ক-১৩77828 1990-10-23 Central Library, BUET Rental Item  2024-12-04 Rental section624_183000000000000_NIL_1986  
Central Library, BUET2024-12-04624.183 NIL/1986 ১০/ক-১৪77829 1990-10-23 Central Library, BUET Rental Item  2024-12-04 Rental section624_183000000000000_NIL_1986  
Central Library, BUET2024-12-04624.183 NIL/1986 ১০/ক-১৫77830 1990-10-23 Central Library, BUET Rental Item  2024-12-04 Rental section624_183000000000000_NIL_1986  
Central Library, BUET2024-12-04624.183 NIL/1986 ১০/ক-১৬77831 1990-10-23 Central Library, BUET Rental Item  2024-12-04 Rental section624_183000000000000_NIL_1986  
Central Library, BUET2024-12-04624.183 NIL/1986 ১০/ক-১৭77832 1990-10-23 Central Library, BUET Rental Item  2024-12-04 Rental section624_183000000000000_NIL_1986  
Central Library, BUET2024-12-04624.183 NIL/1986 ১০/ক-১৮77833 1990-10-23 Central Library, BUET Rental Item  2024-12-04 Rental section624_183000000000000_NIL_1986  
Central Library, BUET2024-12-04624.183 NIL/1986 ১০/ক-১৯77834 1990-10-23 Central Library, BUET Rental Item  2024-12-04 Rental section624_183000000000000_NIL_1986  
Central Library, BUET2024-12-04624.183 NIL/1986 ১০/ক-২০77835 1990-10-23 Central Library, BUET Rental Item  2024-12-04 Rental section624_183000000000000_NIL_1986